| 000 | 006340000a22001810004500 | ||
|---|---|---|---|
| 003 | MACL | ||
| 005 | 20160611131413.0 | ||
| 008 | 160611b xxu||||| |||| 00| 0 eng d | ||
| 040 |
_aMACL _cMACL |
||
| 041 | _aHindi | ||
| 082 | _a800 | ||
| 100 |
_aजिब्रान, खलील _937802 |
||
| 245 |
_aखलील जिब्रान प्रतिनिधि रचनाऍ _cखलील जिब्रान |
||
| 260 |
_aदिल्ली _bसस्ता साहित्य मंडल प्रकाश्न _c2010 |
||
| 350 | _a400 | ||
| 650 |
_aStoreis _943460 |
||
| 942 |
_cHIN _k800/JIB _2ddc |
||
| 999 |
_c47511 _d47511 |
||